[Event "Karpos Open 2013"]
[Site "Skopje MKD"]
[Date "2013.03.11"]
[Round "4.34"]
[White "Djoric, Dusan"]
[Black "Raznikov, Danny"]
[Result "0-1"]
[WhiteTitle "FM"]
[BlackTitle "IM"]
[WhiteElo "2270"]
[BlackElo "2474"]
[WhiteFideId "902136"]
[BlackFideId "2811154"]
[EventDate "2013.03.09"]

1. d4 d5 2. c4 c6 3. e3 Nf6 4. Nc3 a6 5. cxd5 cxd5 6. Bd3 Nc6 7. h3 e5 8. dxe5
Nxe5 9. Be2 Bd6 10. Nf3 Nc6 11. a3 O-O 12. O-O Bc7 13. Re1 Qd6 14. Bf1 Re8 15.
e4 dxe4 16. Qxd6 Bxd6 17. Nd2 Bf5 18. g4 Bg6 19. Nc4 Bc5 20. Be3 Bxe3 21. Nxe3
Ne5 22. Red1 h5 23. Be2 hxg4 24. hxg4 Rac8 25. Rd6 Rc6 26. Rxc6 Nxc6 27. Rd1 Kf8
28. Kg2 Rd8 29. Rxd8+ Nxd8 30. Kg3 Ke7 31. Bc4 Kd6 32. Kf4 b5 33. Ba2 Ne6+ 34.
Bxe6 fxe6 35. a4 b4 36. Na2 Kc5 37. Ke5 Be8 38. b3 Bf7 39. Nc1 Nd7+ 40. Kxe4
Bg6+ 41. Kf3 Ne5+ 42. Ke2 Kd4 43. Kd2 Ke4 44. Ne2 Bf7 45. a5 Kf3 46. Nd4+ Kxf2
47. Nec2 Nxg4 48. Nxb4 e5 49. Nf5 e4 50. Nd4 e3+ 51. Kc3 Ne5 52. Nxa6 e2 53.
Nxe2 Kxe2 54. Nc5 Nc6 55. a6 g5 56. b4 Na7 57. Kd4 g4 58. Ne4 Bg6 59. Ng3+ Kf3 0-1

[Event "Karpos Open 2013"]
[Site "Skopje MKD"]
[Date "2013.03.11"]
[Round "4.35"]
[White "Ivanov, Stojan Emilov"]
[Black "Baron, Tal"]
[Result "0-1"]
[BlackTitle "GM"]
[WhiteElo "2238"]
[BlackElo "2465"]
[WhiteFideId "2903245"]
[BlackFideId "2809958"]
[EventDate "2013.03.09"]

1. Nf3 Nf6 2. g3 g6 3. Bg2 Bg7 4. O-O d5 5. d4 O-O 6. Re1 c5 7. dxc5 Na6 8. Nbd2
Nxc5 9. Nb3 Nce4 10. Ng5 Bf5 11. Nd4 Qb6 12. Be3 Qxb2 13. Rb1 Qxa2 14. Nxf5 gxf5
15. Rxb7 e6 16. Nxe4 Nxe4 17. Bxe4 fxe4 18. Qd2 d4 19. Bf4 e5 20. Bg5 Rab8 21.
Qb4 a5 22. Qb5 Rxb7 23. Qxb7 Qxc2 24. Kf1 e3 25. Be7 d3 26. Bxf8 d2 0-1

[Event "Karpos Open 2013"]
[Site "Skopje MKD"]
[Date "2013.03.11"]
[Round "4.36"]
[White "Perunovic, Miodrag"]
[Black "Klemencic, Gorazd"]
[Result "1-0"]
[WhiteTitle "IM"]
[WhiteElo "2445"]
[BlackElo "2225"]
[WhiteFideId "919993"]
[BlackFideId "14600820"]
[EventDate "2013.03.09"]

1. d4 Nf6 2. Nf3 e6 3. c4 b6 4. g3 Bb7 5. Bg2 Be7 6. Nc3 d5 7. Ne5 O-O 8. O-O
Nbd7 9. Bf4 c6 10. Qa4 Nxe5 11. dxe5 Nd7 12. Rad1 a6 13. cxd5 cxd5 14. e4 b5 15.
Qc2 b4 16. exd5 bxc3 17. dxe6 Bxg2 18. Rxd7 Qb6 19. Kxg2 Qxe6 20. Rfd1 cxb2 21.
Qxb2 Rab8 22. Qd4 Rb5 23. h4 Qc6+ 24. Kh2 Bc5 25. Qc3 Qb6 26. f3 h6 27. Qd3 Qe6
28. Rd5 Rb2+ 29. Rd2 Rxd2+ 30. Bxd2 Be7 31. Bc3 Rc8 32. Bb2 Rb8 33. Bc1 Rc8 34.
Bf4 Rc2+ 35. Qxc2 Qxd5 36. Qe2 a5 37. Kg2 g5 38. hxg5 hxg5 39. Qd2 Qb5 40. Bxg5
Qxe5 41. Bf4 Qb5 42. Be3 Bf8 43. g4 a4 44. g5 Bg7 45. Kg3 a3 46. Qd8+ Kh7 47.
Qe7 Qf5 48. Qc5 Qd3 49. Kg4 Qb1 50. Qf5+ Qxf5+ 51. Kxf5 1-0

[Event "Karpos Open 2013"]
[Site "Skopje MKD"]
[Date "2013.03.11"]
[Round "4.37"]
[White "Koksal, Ege"]
[Black "Arsovic, Zoran"]
[Result "1-0"]
[WhiteTitle "CM"]
[BlackTitle "IM"]
[WhiteElo "2220"]
[BlackElo "2439"]
[WhiteFideId "6317626"]
[BlackFideId "901679"]
[EventDate "2013.03.09"]

1. d4 Nf6 2. Nf3 e6 3. g3 c5 4. Bg2 Qa5+ 5. Nbd2 cxd4 6. O-O Be7 7. Nb3 Qc7 8.
Nbxd4 a6 9. b3 d6 10. c4 O-O 11. Bb2 b6 12. Rc1 Bb7 13. Qd2 Re8 14. Rfd1 Nbd7
15. Qe3 Bf8 16. Nd2 Bxg2 17. Kxg2 Rac8 18. h3 Qb8 19. N4f3 Qb7 20. Kg1 b5 21.
Ng5 d5 22. cxd5 exd5 23. Qd3 h6 24. Ngf3 Nc5 25. Qf5 Nce4 26. Nxe4 dxe4 27. Ne5
Rxc1 28. Bxc1 Qc7 29. Bf4 Qc2 30. Rd2 Qc5 31. b4 Qxb4 32. Nd7 Nxd7 33. Qxd7 Re6
34. Kg2 g5 35. Be3 Rd6 36. Rxd6 Qxd6 37. Qb7 Qe6 38. Qa8 Kg7 39. Bd4+ f6 40.
Qb7+ Kg6 41. Qa8 Kf7 42. Qb7+ Kg8 43. Qa8 Kf7 44. Qb7+ Kg6 45. Qa8 Bb4 46. e3 h5
47. Qb7 Be7 48. Qa8 Kg7 49. Qe8 Qf7 50. Qd7 b4 51. Qa7 Bd6 52. Qxa6 Qe7 53. Qb5
Kg6 54. Qd5 f5 55. Qa8 Kh6 56. Qh8+ Kg6 57. Qg8+ Kh6 58. Qc8 Kg6 59. Kf1 Be5 60.
g4 fxg4 61. hxg4 hxg4 62. Qc6+ Bf6 63. Bxf6 Qxf6 64. Qxe4+ Kh6 65. Qxg4 Qa1+ 66.
Kg2 Qxa2 67. Qxb4 Qd5+ 68. Kg3 Qe5+ 69. Kg2 1-0

[Event "Karpos Open 2013"]
[Site "Skopje MKD"]
[Date "2013.03.11"]
[Round "4.38"]
[White "Bogoevski, Jani"]
[Black "Battaglini, Gabriel"]
[Result "0-1"]
[WhiteTitle "FM"]
[BlackTitle "IM"]
[WhiteElo "2217"]
[BlackElo "2436"]
[WhiteFideId "15000435"]
[BlackFideId "621650"]
[EventDate "2013.03.09"]

1. d4 d5 2. Nf3 Nf6 3. Bf4 c6 4. c3 g6 5. e3 Bg7 6. Nbd2 Nh5 7. Bd3 Nd7 8. O-O
O-O 9. h3 Nxf4 10. exf4 Nf6 11. Kh2 Nh5 12. g3 Qb6 13. Qb3 Qc7 14. Ne5 Bh6 15.
Qc2 f6 16. Bxg6 hxg6 17. Qxg6+ Ng7 18. Qxh6 fxe5 19. fxe5 c5 20. f4 cxd4 21. Nf3
dxc3 22. Rac1 Qb6 23. Qxb6 axb6 24. Rxc3 Rxa2 25. Rb3 Bf5 26. Rxb6 Rd8 27. Rb5
Bd3 0-1

[Event "Karpos Open 2013"]
[Site "Skopje MKD"]
[Date "2013.03.11"]
[Round "4.39"]
[White "Dimic, Pavle"]
[Black "Firat, Burak"]
[Result "1/2-1/2"]
[WhiteTitle "FM"]
[BlackTitle "IM"]
[WhiteElo "2212"]
[BlackElo "2428"]
[WhiteFideId "937428"]
[BlackFideId "6305881"]
[EventDate "2013.03.09"]

1. d4 Nf6 2. Nf3 g6 3. g3 Bg7 4. Bg2 O-O 5. O-O d5 6. Bf4 c6 7. Qc1 Qb6 8. c4
dxc4 9. Na3 Qa6 10. Nxc4 Be6 11. b3 Nbd7 12. Ng5 Bxc4 13. Qxc4 Qxc4 14. bxc4 Nh5
15. Be3 c5 16. Rad1 cxd4 17. Bxd4 Bxd4 18. Rxd4 Nc5 19. Ne4 e5 20. Rd5 Nxe4 21.
Bxe4 Nf6 22. Rxe5 Nxe4 23. Rxe4 Rae8 24. Rxe8 Rxe8 25. e3 Rc8 26. Rb1 b6 27. Rb4
Rc5 28. Ra4 a5 29. Kf1 g5 30. h3 h5 31. g4 Kg7 32. Ke2 Rc6 33. f4 hxg4 34. hxg4
Kf6 35. Kd3 Rd6+ 36. Ke2 Rc6 1/2-1/2

[Event "Karpos Open 2013"]
[Site "Skopje MKD"]
[Date "2013.03.11"]
[Round "4.41"]
[White "Ashiku, Franc"]
[Black "Sanal, Vahap"]
[Result "0-1"]
[BlackTitle "IM"]
[WhiteElo "2202"]
[BlackElo "2404"]
[WhiteFideId "4700066"]
[BlackFideId "6300545"]
[EventDate "2013.03.09"]

1. e4 e5 2. Nf3 Nc6 3. d4 exd4 4. Nxd4 Bc5 5. Be3 Qf6 6. c3 Nge7 7. Bc4 O-O 8.
O-O b6 9. f4 d5 10. e5 Qh6 11. Be2 Nxe5 12. Qd2 Nc4 13. Bxc4 dxc4 14. f5 Qh5 15.
f6 Nd5 16. fxg7 Re8 17. Bf2 Bb7 18. Nf5 Qxf5 19. Bxc5 Qg6 20. Bf2 Re2 0-1

[Event "Karpos Open 2013"]
[Site "Skopje MKD"]
[Date "2013.03.11"]
[Round "4.42"]
[White "Codenotti, Marco"]
[Black "Petrov, Georgi"]
[Result "0-1"]
[WhiteTitle "FM"]
[WhiteElo "2402"]
[BlackElo "2200"]
[WhiteFideId "800015"]
[BlackFideId "15001440"]
[EventDate "2013.03.09"]

1. e4 e6 2. d4 d5 3. Nd2 dxe4 4. Nxe4 Nd7 5. Nf3 Ngf6 6. Bg5 h6 7. Nxf6+ Nxf6 8.
Be3 Be7 9. Bd3 a6 10. Qe2 b5 11. Ne5 Qd5 12. f3 Bb7 13. O-O O-O 14. Bf2 Qd6 15.
a4 Nd5 16. Bg3 Qb6 17. c3 Nf6 18. a5 Qa7 19. Ng6 Rfe8 20. Nxe7+ Rxe7 21. Bh4 c5
22. Qe5 cxd4 23. Bxf6 dxc3+ 24. Kh1 gxf6 25. Qxf6 Rd7 26. Rad1 Rad8 27. Qxc3 Qb8
28. Rd2 Qf4 29. Rfd1 Rc8 30. Qa3 Qxd2 0-1

[Event "Karpos Open 2013"]
[Site "Skopje MKD"]
[Date "2013.03.11"]
[Round "4.43"]
[White "Jovanovic, Bojan P"]
[Black "Sandalakis, Angelos"]
[Result "0-1"]
[WhiteElo "2198"]
[BlackElo "2401"]
[WhiteFideId "900710"]
[BlackFideId "4207645"]
[EventDate "2013.03.09"]

1. d4 Nf6 2. c4 e6 3. Nf3 b6 4. g3 Bb7 5. Bg2 Be7 6. Nc3 O-O 7. Qc2 c5 8. d5
exd5 9. Ng5 Nc6 10. Nxd5 g6 11. h4 Nxd5 12. cxd5 Nd4 13. Qd1 Ba6 14. Bf1 Re8 15.
e3 Qc8 16. Bd2 Qb7 17. Bxa6 Qxa6 18. Bc3 Qc4 19. Nf3 Bf6 20. Kd2 Nxf3+ 21. Qxf3
Bxc3+ 22. bxc3 Re5 23. Rad1 Rf5 24. Qg2 Rxd5+ 25. Kc2 Qe2+ 26. Kb3 c4+ 27. Ka3
Ra5+ 0-1

[Event "Karpos Open 2013"]
[Site "Skopje MKD"]
[Date "2013.03.11"]
[Round "4.44"]
[White "Arat, Ufuk Sezen"]
[Black "Nenezic, Marko"]
[Result "1-0"]
[BlackTitle "IM"]
[WhiteElo "2188"]
[BlackElo "2394"]
[WhiteFideId "6309089"]
[BlackFideId "912123"]
[EventDate "2013.03.09"]

1. d4 Nf6 2. Nf3 g6 3. Nbd2 c5 4. c3 d5 5. dxc5 Bg7 6. b4 b6 7. cxb6 Qxb6 8. e3
O-O 9. a4 a5 10. b5 Nbd7 11. Bb2 Ne4 12. Nd4 Bb7 13. Nxe4 dxe4 14. Be2 Ne5 15.
c4 Qc5 16. Ba3 Qc7 17. c5 Bd5 18. O-O e6 19. c6 Rfb8 20. Qc2 g5 21. Rab1 g4 22.
Qc5 Rb6 23. Qd6 Qc8 24. Bc5 Rab8 25. Bxb6 Rxb6 26. Nf5 1-0

[Event "Karpos Open 2013"]
[Site "Skopje MKD"]
[Date "2013.03.11"]
[Round "4.45"]
[White "Mitkovski, Zarko"]
[Black "Zawadzka, Jolanta"]
[Result "0-1"]
[BlackTitle "WGM"]
[WhiteElo "2170"]
[BlackElo "2374"]
[WhiteFideId "15000150"]
[BlackFideId "1122320"]
[EventDate "2013.03.09"]

1. e4 c5 2. Nf3 e6 3. d4 cxd4 4. Nxd4 Nc6 5. Be3 Nf6 6. Nc3 Qc7 7. Bd3 a6 8. Qe2
Be7 9. O-O h5 10. h3 b5 11. f4 b4 12. Na4 Rb8 13. b3 Nxd4 14. Bxd4 h4 15. Rac1
Bb7 16. c3 Bc6 17. Rf2 a5 18. Be5 d6 19. cxb4 dxe5 20. b5 exf4 21. Rxc6 Qe5 22.
Qb2 Nd7 23. Rfc2 O-O 24. Rc7 Qd6 25. Qc3 Bf6 26. Qd2 Qd4+ 27. Kf1 Ne5 28. Be2
Qxe4 29. Nc5 Qf5 30. Nd7 Rfd8 31. Bg4 Nxg4 32. hxg4 Qxb5+ 33. R2c4 Be5 34. Rc6
Rb7 35. Rc5 Rbxd7 36. Rxb5 Rxd2 37. Rxe5 Rxa2 38. Rxf4 Rd1+ 39. Re1 Rxe1+ 40.
Kxe1 Rxg2 0-1

[Event "Karpos Open 2013"]
[Site "Skopje MKD"]
[Date "2013.03.11"]
[Round "4.46"]
[White "Stamnov, Aleksander"]
[Black "Kanmazalp, Ogulcan"]
[Result "0-1"]
[WhiteTitle "FM"]
[BlackTitle "IM"]
[WhiteElo "2156"]
[BlackElo "2372"]
[WhiteFideId "15000664"]
[BlackFideId "6304990"]
[EventDate "2013.03.09"]

1. e4 c5 2. c3 d5 3. exd5 Qxd5 4. d4 Nc6 5. Nf3 Bf5 6. Na3 cxd4 7. Nb5 O-O-O 8.
cxd4 e5 9. Nc3 Qa5 10. Bd2 exd4 11. Ne2 Qb6 12. Qb3 Qxb3 13. axb3 d3 14. Nc1 h6
15. b4 Bxb4 16. Bxb4 Nxb4 17. Rxa7 Nf6 0-1

[Event "Karpos Open 2013"]
[Site "Skopje MKD"]
[Date "2013.03.11"]
[Round "4.47"]
[White "Atanasov, Radislav"]
[Black "Dastan, Muhammed Batuhan"]
[Result "0-1"]
[BlackTitle "FM"]
[WhiteElo "2147"]
[BlackElo "2371"]
[WhiteFideId "2901471"]
[BlackFideId "6300014"]
[EventDate "2013.03.09"]

1. e4 c5 2. c3 d5 3. exd5 Qxd5 4. d4 g6 5. Nf3 Bg7 6. Be2 cxd4 7. cxd4 Nf6 8.
Nc3 Qd8 9. O-O O-O 10. Bg5 Be6 11. Qd2 Nd5 12. Bh6 Nc6 13. Rad1 f6 14. Rfe1 Bf7
15. h4 Qa5 16. Bxg7 Kxg7 17. h5 Rfd8 18. h6+ Kf8 19. Ra1 Rac8 20. g3 e5 21. dxe5
Nxc3 22. Qxc3 Qxc3 23. bxc3 Nxe5 24. Nxe5 fxe5 25. Bg4 Rc4 26. Bf3 b6 27. Rxe5
Rxc3 28. Kg2 Rd2 29. a3 Rcc2 30. Kh3 Rxf2 31. Be4 Rc5 32. Rxc5 bxc5 33. Rh1 Re2
34. Bf3 Rf2 35. Bg4 c4 36. Kh4 c3 37. Kg5 c2 0-1

[Event "Karpos Open 2013"]
[Site "Skopje MKD"]
[Date "2013.03.11"]
[Round "4.48"]
[White "Kacakovski, Dimitar"]
[Black "Vujic, Mihailo"]
[Result "0-1"]
[WhiteTitle "FM"]
[BlackTitle "FM"]
[WhiteElo "2138"]
[BlackElo "2361"]
[WhiteFideId "15000052"]
[BlackFideId "918873"]
[EventDate "2013.03.09"]

1. e4 Nc6 2. Nf3 f5 3. e5 d6 4. Bb5 e6 5. d4 Bd7 6. Nc3 d5 7. a3 Nb8 8. Be2 c5
9. dxc5 Bxc5 10. O-O Ne7 11. b4 Bb6 12. Bg5 h6 13. Bxe7 Qxe7 14. h4 g5 15. b5 g4
16. Nd4 Qc5 17. Nxf5 Qxc3 18. Nd6+ Ke7 19. Bxg4 Qxe5 20. Nf5+ Kd8 21. Re1 Qf4
22. Ne3 Rf8 23. Bf3 Bc7 24. c4 Qh2+ 25. Kf1 Qh1+ 26. Ke2 Qxh4 27. Qb3 a6 28. a4
axb5 29. axb5 Rxa1 30. Rxa1 d4 31. Nf1 e5 32. Nd2 Bf5 33. g3 d3+ 34. Kf1 Qg5 35.
Qb4 Qe7 36. c5 e4 37. Nxe4 Bxe4 38. Bxe4 Qf6 39. Ra2 Bxg3 40. f3 Qh4 41. Qd4+
Nd7 42. Rg2 Rxf3+ 43. Kg1 Bh2+ 0-1

[Event "Karpos Open 2013"]
[Site "Skopje MKD"]
[Date "2013.03.11"]
[Round "4.49"]
[White "Videnova, Iva"]
[Black "Asani, Adem"]
[Result "1-0"]
[WhiteTitle "WGM"]
[WhiteElo "2329"]
[BlackElo "1944"]
[WhiteFideId "2907763"]
[BlackFideId "906581"]
[EventDate "2013.03.09"]

1. e4 e5 2. Nf3 Nc6 3. Bb5 d6 4. d4 exd4 5. Nxd4 Bd7 6. Nc3 a6 7. Bxc6 bxc6 8.
O-O g6 9. Be3 Bg7 10. Qd2 Ne7 11. Bg5 O-O 12. f4 f6 13. Bh4 c5 14. Nf3 Qe8 15.
Rae1 Bc6 16. Nd5 Qd7 17. Nxe7+ Qxe7 18. e5 Qd7 19. e6 Qe7 20. c4 a5 21. Qd3 Rab8
22. Rf2 Rfd8 23. f5 g5 24. Bg3 Bxf3 25. Qxf3 a4 26. h4 Rf8 27. Rc2 Rb6 28. Rf1
h6 29. Be1 Rfb8 30. Bc3 Qe8 31. Re2 Qe7 32. hxg5 hxg5 33. Kf2 Kf8 34. Qh5 c6 35.
Rd1 R6b7 36. Red2 Rd8 37. Ba5 Ra8 38. Rxd6 Rxb2+ 39. Kg3 Rab8 40. Rd7 Qe8 41.
Rf7+ 1-0

[Event "Karpos Open 2013"]
[Site "Skopje MKD"]
[Date "2013.03.11"]
[Round "4.50"]
[White "Grigorov, Grigor"]
[Black "Tairi, Krenar"]
[Result "1-0"]
[WhiteTitle "GM"]
[WhiteElo "2516"]
[BlackElo "1835"]
[WhiteFideId "2907313"]
[BlackFideId "15001679"]
[EventDate "2013.03.09"]

1. d4 Nf6 2. c4 e6 3. Nf3 b6 4. g3 Bb7 5. Bg2 d5 6. cxd5 exd5 7. Ne5 Bd6 8. Nc3
O-O 9. Bg5 Be7 10. O-O h6 11. Bxf6 Bxf6 12. f4 Na6 13. Qb3 c6 14. Rad1 Qe7 15.
e4 Bxe5 16. fxe5 dxe4 17. Bxe4 Rad8 18. a3 Nc7 19. Qa4 a6 20. Ne2 Nd5 21. Bxd5
Rxd5 22. Nf4 Rd7 23. Qb3 b5 24. Ng6 Qg5 25. Nxf8 Kxf8 26. e6 Re7 27. Rxf7+ Rxf7
28. exf7 Qg4 29. Qb4+ Kxf7 30. Rf1+ Kg6 31. Qd6+ Kh7 32. Qf4 Qe2 33. Qf2 1-0

[Event "Karpos Open 2013"]
[Site "Skopje MKD"]
[Date "2013.03.11"]
[Round "4.51"]
[White "Duman, Aydin"]
[Black "Valsecchi, Alessio"]
[Result "1/2-1/2"]
[BlackTitle "IM"]
[WhiteElo "2249"]
[BlackElo "2435"]
[WhiteFideId "6301304"]
[BlackFideId "818860"]
[EventDate "2013.03.09"]

1. e4 e6 2. d4 d5 3. Nc3 Nf6 4. exd5 exd5 5. Bg5 Be7 6. Bd3 c6 7. Nge2 O-O 8.
O-O Na6 9. Ng3 Nc7 10. Nce2 Ne6 11. Bd2 g6 12. c3 Bd6 13. f4 Ng7 14. f5 Ne4 15.
Bxe4 dxe4 16. f6 Nf5 17. Nxe4 Re8 18. N2g3 Nxg3 19. Nxg3 Bxg3 20. hxg3 Qd5 21.
Bf4 Re4 22. Be5 Bg4 23. Qc1 Kh8 24. Qh6 Rg8 25. Rae1 Rxe1 26. Rxe1 g5 27. Bc7
Be6 28. Re5 Qxa2 29. Rxg5 Qb1+ 30. Kh2 Rxg5 31. Qxg5 Qg6 32. Qd2 h6 33. Be5 b5
34. b4 Kh7 35. Qf4 1/2-1/2

[Event "Karpos Open 2013"]
[Site "Skopje MKD"]
[Date "2013.03.11"]
[Round "4.54"]
[White "Ilic, Ljubomir"]
[Black "Stanojoski, Zvonko"]
[Result "1-0"]
[WhiteTitle "FM"]
[BlackTitle "GM"]
[WhiteElo "2198"]
[BlackElo "2413"]
[WhiteFideId "15000540"]
[BlackFideId "15000257"]
[EventDate "2013.03.09"]

1. e4 c5 2. Nc3 a6 3. Nf3 b5 4. d4 cxd4 5. Nxd4 Bb7 6. Bd3 e6 7. O-O Bc5 8. Nb3
Be7 9. f4 Nc6 10. Kh1 d6 11. f5 Nf6 12. fxe6 fxe6 13. a4 b4 14. Ne2 e5 15. Ng3
O-O 16. Bg5 Kh8 17. Bxf6 Bxf6 18. Bc4 Ne7 19. Qd2 d5 20. exd5 Nxd5 21. Rf2 Nf4
22. Qxb4 Qb8 23. Qe1 Bd8 24. a5 Qc7 25. Bd3 Bh4 26. Be4 Rae8 27. Qb4 Bc8 28.
Raf1 Rf6 29. Rf3 Rh6 30. Nf5 Bxf5 31. Bxf5 Be7 32. Qe1 Bd6 33. Rxf4 1-0

[Event "Karpos Open 2013"]
[Site "Skopje MKD"]
[Date "2013.03.11"]
[Round "4.55"]
[White "Alishani, Ibrahim"]
[Black "Zlatanovic, Boroljub"]
[Result "0-1"]
[BlackTitle "FM"]
[WhiteElo "2167"]
[BlackElo "2412"]
[WhiteFideId "939609"]
[BlackFideId "916390"]
[EventDate "2013.03.09"]

1. c4 g6 2. Nc3 Bg7 3. Nf3 d6 4. g3 e5 5. d3 Ne7 6. Bg2 h5 7. Rb1 Nbc6 8. b4 Nf5
9. Bg5 f6 10. Bd2 h4 11. b5 h3 12. Bf1 Ncd4 13. e3 Ne6 14. a4 Ne7 15. Qc2 c6 16.
d4 c5 17. dxe5 dxe5 18. Nh4 Nf8 19. Rd1 g5 20. Bc1 Qa5 21. Nf3 e4 22. Nd2 f5 23.
Bb2 Nfg6 24. Nb3 Qb4 25. Rd2 Ne5 26. Be2 Nd3+ 27. Bxd3 exd3 28. Rxd3 Qxc4 29.
O-O b6 30. Nd2 Qf7 31. e4 O-O 32. exf5 Nxf5 33. Nce4 Nd4 34. Bxd4 Bxd4 35. Rf3
Qg6 36. Rxf8+ Kxf8 37. Qb3 Bb7 38. Qf3+ Kg7 39. Qg4 Rf8 40. Qxg5 c4 41. Qe7+ Rf7
42. Qd8 Be5 43. Ng5 Bf6 44. Ne6+ Kh6 45. Qe8 c3 46. Nf4 Qh7 47. Nc4 Qe4 48. Qxe4
Bxe4 49. Ne3 Bg5 50. Rc1 Bxf4 51. Rxc3 Bxe3 52. Rxe3 Bf3 0-1

[Event "Karpos Open 2013"]
[Site "Skopje MKD"]
[Date "2013.03.11"]
[Round "4.57"]
[White "Goryachkina, Aleksandra"]
[Black "Vidic, Miha"]
[Result "1-0"]
[WhiteTitle "WGM"]
[WhiteElo "2386"]
[BlackElo "2096"]
[WhiteFideId "4147103"]
[BlackFideId "14605775"]
[EventDate "2013.03.09"]

1. d4 Nf6 2. c4 g6 3. Nc3 Bg7 4. e4 d6 5. f3 O-O 6. Bg5 c6 7. Qd2 a6 8. Nge2 b5
9. Ng3 Nbd7 10. Be2 bxc4 11. Bxc4 Qb6 12. Be3 Qc7 13. O-O d5 14. Bb3 dxe4 15.
Ngxe4 Nb6 16. Rac1 Rd8 17. Nxf6+ exf6 18. Qf2 Qb7 19. Rfe1 f5 20. d5 Nxd5 21.
Nxd5 cxd5 22. Bb6 Be6 23. Bxd8 Rxd8 24. Kh1 Bf6 25. Qc2 h5 26. Qc6 Qa7 27. Rcd1
Rc8 28. Qd6 Rd8 29. Qc6 Rc8 30. Qa4 Bxb2 31. Bxd5 Bxd5 32. Re8+ Rxe8 33. Qxe8+
Kg7 34. Rxd5 Qf2 35. Rd1 Bc3 36. Qc6 Be1 37. Qc4 Bd2 38. Qc2 Be1 39. Qxf2 Bxf2
40. Rd6 a5 41. Ra6 Be1 42. Kg1 Kh6 43. Kf1 Bb4 44. h4 Bc3 45. Ke2 Bb4 46. Kd3
Be1 47. Kc4 Bxh4 48. Rxa5 Kg5 49. Rd5 Bf2 50. a4 Kf4 51. a5 Kg3 52. a6 Kxg2 53.
Rd2 Kxf3 54. Rxf2+ Kxf2 55. a7 h4 56. a8=Q 1-0

[Event "Karpos Open 2013"]
[Site "Skopje MKD"]
[Date "2013.03.11"]
[Round "4.58"]
[White "Erturan, Yakup"]
[Black "Bozinovic, Boban"]
[Result "1-0"]
[WhiteTitle "IM"]
[BlackTitle "CM"]
[WhiteElo "2373"]
[BlackElo "2051"]
[WhiteFideId "6301410"]
[BlackFideId "929697"]
[EventDate "2013.03.09"]

1. c4 Nf6 2. Nc3 e5 3. g3 d5 4. cxd5 Nxd5 5. Bg2 Nb6 6. Nf3 Nc6 7. O-O Be7 8. d3
O-O 9. Be3 Be6 10. a3 a5 11. Rc1 Re8 12. Ne4 f6 13. Qc2 Rc8 14. Bc5 Nd7 15. Be3
Nb6 16. Rfd1 a4 17. Nc5 Bxc5 18. Qxc5 Bb3 19. Re1 Qd5 20. Nd2 Qxc5 21. Rxc5 Bf7
22. Rec1 Re6 23. Bh3 Rd8 24. Bxe6 Bxe6 25. Rxc6 bxc6 26. Rxc6 Bh3 27. Bxb6 cxb6
28. Rxb6 Rc8 29. Nc4 e4 30. f3 e3 31. Rb4 h5 32. Rxa4 g5 33. Ra7 f5 34. Re7 f4
35. Re5 g4 36. gxf4 Kh7 37. Rxh5+ Kg6 38. fxg4 1-0

[Event "Karpos Open 2013"]
[Site "Skopje MKD"]
[Date "2013.03.11"]
[Round "4.59"]
[White "Ali Marandi, Cemil Can"]
[Black "Markovski, Velo"]
[Result "1-0"]
[WhiteTitle "FM"]
[WhiteElo "2371"]
[BlackElo "2042"]
[WhiteFideId "6300529"]
[BlackFideId "15002233"]
[EventDate "2013.03.09"]

1. e4 d5 2. exd5 Qxd5 3. Nc3 Qa5 4. d4 c6 5. Nf3 Bg4 6. h3 Bxf3 7. Qxf3 e6 8.
Bd3 Nf6 9. O-O Bd6 10. Bd2 Qc7 11. Ne4 Nxe4 12. Qxe4 Nd7 13. c4 Nf6 14. Qf3 Rd8
15. Bc3 Qe7 16. d5 cxd5 17. cxd5 e5 18. Rfe1 O-O 19. Bc2 Nd7 20. Re2 g6 21. Rae1
f5 22. Qe3 f4 23. Qf3 b5 24. a3 a6 25. Bb3 Qg5 26. Ba2 Rde8 27. Bb1 Rf7 28. Be4
Qh4 29. Rc1 g5 30. Bb4 Bxb4 31. axb4 Nf6 32. Bf5 h5 33. Be6 g4 34. Bxf7+ Kxf7
35. Rc7+ Kf8 36. Qc3 f3 37. Rxe5 Rd8 38. Re6 Ng8 39. Qg7# 1-0

[Event "Karpos Open 2013"]
[Site "Skopje MKD"]
[Date "2013.03.11"]
[Round "4.60"]
[White "Tesik, Csaba"]
[Black "Mihajlovski, Petre"]
[Result "1-0"]
[WhiteTitle "FM"]
[WhiteElo "2366"]
[BlackElo "2012"]
[WhiteFideId "735582"]
[BlackFideId "15003051"]
[EventDate "2013.03.09"]

1. e4 c6 2. d4 d5 3. e5 c5 4. dxc5 Nc6 5. f4 e6 6. Be3 d4 7. Bf2 Qa5+ 8. Nd2
Bxc5 9. a3 d3 10. Bxc5 Qxc5 11. Bxd3 Qe3+ 12. Ne2 Nge7 13. Nc4 Qc5 14. b4 Qd5
15. Nd6+ Kf8 16. O-O Nd4 17. Be4 Nxe2+ 18. Qxe2 Qd4+ 19. Kh1 Nd5 20. Qh5 g6 21.
Qh6+ Ke7 22. Qh4+ Kf8 23. Bxd5 exd5 24. Qd8+ Kg7 25. Qf6+ Kh6 26. Nxf7+ 1-0

[Event "Karpos Open 2013"]
[Site "Skopje MKD"]
[Date "2013.03.11"]
[Round "4.62"]
[White "Bejatovic, Bojana"]
[Black "Schoorl, Rob"]
[Result "0-1"]
[BlackTitle "FM"]
[WhiteElo "2011"]
[BlackElo "2350"]
[WhiteFideId "15000141"]
[BlackFideId "1009508"]
[EventDate "2013.03.09"]

1. d4 d5 2. Nf3 Nf6 3. e3 Bg4 4. Bd3 e6 5. O-O c5 6. b3 Nc6 7. Bb2 Bd6 8. Nbd2
O-O 9. dxc5 Bxc5 10. c4 d4 11. exd4 Nxd4 12. Be2 Nxe2+ 13. Qxe2 Qe7 14. Ne4 Nxe4
15. Qxe4 Bf5 16. Qe2 a5 17. Rfd1 Rfd8 18. Nd4 Bg6 19. Qe5 Qf8 20. h4 h6 21. h5
Bh7 22. Rac1 Bd6 23. Qe2 Bf4 24. Rc3 e5 25. Nb5 Rxd1+ 26. Qxd1 Rd8 27. Qf3 Be4
28. Qe2 Rd2 29. Qe1 Qd8 30. Re3 Bxe3 31. Qxe3 Rd1+ 32. Kh2 Qh4+ 33. Qh3 0-1

[Event "Karpos Open 2013"]
[Site "Skopje MKD"]
[Date "2013.03.11"]
[Round "4.63"]
[White "Posedaru, Bogdan"]
[Black "Milutinovic, Stefana"]
[Result "1-0"]
[WhiteTitle "FM"]
[WhiteElo "2337"]
[BlackElo "2000"]
[WhiteFideId "1213610"]
[BlackFideId "942456"]
[EventDate "2013.03.09"]

1. c4 g6 2. Nc3 Bg7 3. g3 c5 4. Bg2 Nc6 5. e3 d6 6. Nge2 e5 7. O-O Nge7 8. d3
O-O 9. a3 Be6 10. Nd5 Rb8 11. Rb1 b5 12. Nxe7+ Nxe7 13. cxb5 Rxb5 14. b4 cxb4
15. Qa4 Bd7 16. Rxb4 Rxb4 17. Qxb4 Qb6 18. Qxb6 axb6 19. Nc3 Rc8 20. Bd2 Bc6 21.
Rb1 Bxg2 22. Kxg2 Rc6 23. e4 Bf8 24. Na4 Rc2 25. Bg5 Ra2 26. Rb3 Nc6 27. Nxb6
Nd4 28. Rc3 f6 29. Bxf6 Nb5 30. Rc8 Kf7 31. a4 Na7 32. Rc7+ Kxf6 33. Rxa7 Ke6
34. a5 Be7 35. Nd5 Bd8 36. a6 h5 37. Nb4 Rb2 38. Rb7 1-0